Geografia italiana per stranieri : (Registro nro. 6393)
[ vista simple ]
| 000 -CABECERA | |
|---|---|
| campo de control de longitud fija | 00971nam a22002897i 4500 |
| 001 - NÚMERO DE CONTROL | |
| campo de control | IT\ICCU\MOD\1771181 |
| 003 - IDENTIFICADOR DEL NÚMERO DE CONTROL | |
| campo de control | ItRI |
| 005 - FECHA Y HORA DE LA ÚLTIMA TRANSACCIÓN | |
| campo de control | 20260210164223.0 |
| 008 - DATOS DE LONGITUD FIJA--INFORMACIÓN GENERAL | |
| campo de control de longitud fija | 240118s2022 it |||||| |||||0|||||c |
| 020 ## - NÚMERO INTERNACIONAL ESTÁNDAR DEL LIBRO | |
| Número Internacional Estándar del Libro | 9788831496681 |
| 040 ## - FUENTE DE LA CATALOGACIÓN | |
| Lengua de catalogación | |
| Centro/agencia transcriptor | |
| 041 #7 - CÓDIGO DE LENGUA | |
| Código de lengua del texto/banda sonora o título independiente | ita |
| Fuente del código | ISO-639-2 |
| 080 ## - NÚMERO DE LA CLASIFICACIÓN DECIMAL UNIVERSAL | |
| Número de la Clasificación Decimal Universal | 811.131.1 |
| 100 1# - ENTRADA PRINCIPAL--NOMBRE DE PERSONA | |
| Nombre de persona | Balboni, Paolo E. |
| Número de control de registro de autoridad | IT\ICCU\CFIV\008134 |
| Código de función/relación | aut |
| 240 10 - TÍTULO UNIFORME | |
| Título uniforme | <a href="Geografia italiana per stranieri">Geografia italiana per stranieri</a> |
| 9 (RLIN) | Balboni, Paolo E. |
| 245 10 - MENCIÓN DE TÍTULO | |
| Título | Geografia italiana per stranieri : |
| Resto del título | territorio, abitanti, economia / |
| Mención de responsabilidad, etc. | Paolo E. Balboni ; con la collaborazione di Maria Voltolina. |
| 260 ## - PUBLICACIÓN, DISTRIBUCIÓN, ETC. (PIE DE IMPRENTA) | |
| Lugar de publicación, distribución, etc. | Roma : |
| Nombre del editor, distribuidor, etc. | Edilingua, |
| Fecha de publicación, distribución, etc. | 2022 |
| 300 ## - DESCRIPCIÓN FÍSICA | |
| Extensión | 151 p. : |
| Otras características físicas | ill. ; |
| Dimensiones | 29 cm |
| 490 0# - MENCIÓN DE SERIE | |
| Mención de serie | Collana cultura italiana |
| 500 ## - NOTA GENERAL | |
| Nota general | En portada: B2-C2 |
| 650 #0 - PUNTO DE ACCESO ADICIONAL DE MATERIA--TÉRMINO DE MATERIA | |
| Término de materia o nombre geográfico como elemento inicial | Italiano |
| Subdivisión general | Lengua |
| 9 (RLIN) | 544 |
| 700 1# - PUNTO DE ACCESO ADICIONAL--NOMBRE DE PERSONA | |
| Nombre de persona | Voltolina, Maria |
| Número de control de registro de autoridad | IT\ICCU\CFIV\185382 |
| Código de función/relación | aut |
| 830 #0 - PUNTO DE ACCESO ADICIONAL DE SERIE-TÍTULO UNIFORME | |
| Título uniforme | Collana cultura italiana |
| Número de control de registro de autoridad | IT\ICCU\BVE\0854210 |
| 982 #1 - EQUIVALENCIA O REFERENCIA-CRUZADA-MENCIÓN DE SERIE--NOMBRE DE CONFERENCIA O REUNIÓN/CONGRESO/TÍTULO [LOCAL, CANADÁ] | |
| Enlace | z01 |
| Nombre de congreso/reunión o jurisdicción como elemento de entrada | n |
| 942 ## - ELEMENTOS DE PUNTO DE ACCESO ADICIONAL (KOHA) | |
| Fuente del sistema de clasificación o colocación | Clasificación Decimal Universal |
| Tipo de ítem Koha | Libros |
| 981 #1 - EQUIVALENCIA O REFERENCIA-CRUZADA-MENCIÓN DE SERIE--NOMBRE DE ENTIDAD CORPORATIVA/TÍTULO [LOCAL, CANADÁ] | |
| Enlace | z01 |
| Nombre de entidad corporativa o nombre de jurisdicción como elemento de entrada | i |
| Unidad subordinada | xxxe |
| Estado de retiro | Estado de pérdida | Fuente del sistema de clasificación o colocación | Estado dañado | Excepción de préstamo | Código de colección | Localización permanente | Ubicación/localización actual | Ubicación en estantería | Fecha de adquisición | Fuente de adquisición | Número de inventario | Total de préstamos | Signatura topográfica completa | Código de barras | Fecha visto por última vez | Precio válido a partir de | Tipo de ítem Koha |
|---|---|---|---|---|---|---|---|---|---|---|---|---|---|---|---|---|---|
| Clasificación Decimal Universal | Idiomas | BIBLIOTECA CENTRAL | BIBLIOTECA CENTRAL | BIBLIOTECA CENTRAL | 10/02/2026 | Donación | 9254 | 811.131.1 BAL | 9254 | 10/02/2026 | 10/02/2026 | Libros |

